Managing mineral wealth: training materials on management of mineral wealth and the role of mineral wealth in socio-economic development (Record no. 82558)
[ view plain ]
| 000 -LEADER | |
|---|---|
| fixed length control field | 00920nam a2200157 a 4500 |
| 008 - FIXED-LENGTH DATA ELEMENTS--GENERAL INFORMATION | |
| fixed length control field | 100215s2004 ||||||||||||||||| || u |
| 050 ## - LIBRARY OF CONGRESS CALL NUMBER | |
| Classification number | UN-ECA(02) |
| 110 ## - MAIN ENTRY--CORPORATE NAME | |
| Corporate name or jurisdiction name as entry element | United Nations Economic Commission For Africa(UNECA) |
| 245 10 - TITLE STATEMENT | |
| Title | Managing mineral wealth: training materials on management of mineral wealth and the role of mineral wealth in socio-economic development |
| Statement of responsibility, etc. | by United Nations Economic Commission for Africa (UN-ECA) |
| 260 ## - PUBLICATION, DISTRIBUTION, ETC. | |
| Place of publication, distribution, etc. | Addis Ababa : |
| Name of publisher, distributor, etc. | UNITED NATIONS |
| Date of publication, distribution, etc. | 2004 |
| 300 ## - PHYSICAL DESCRIPTION | |
| Extent | xiii, 195p. : ill |
| 350 ## - | |
| -- | 0.00 |
| 650 ## - SUBJECT ADDED ENTRY--TOPICAL TERM | |
| Topical term or geographic name entry element | MINES AND MINERAL RESOURCES--AFRICA |
| 995 ## - | |
| -- | SPECIAL COLLECTIONS |
| -- | 0.00 |
| -- | 03005956 |
| -- | CBU-MAIN LIBRARY (Kitwe) |
| -- | 1 |
| -- | 0.00 |
| -- | UN-ECA(02)2004/ 3A |
| -- | 1 |
| -- | AVAILABLE |
| -- | Feb 23, 2010 |
| -- | 03005956 |
| -- | International Publications |
| 995 ## - | |
| -- | SPECIAL COLLECTIONS |
| -- | 0.00 |
| -- | 03006742 |
| -- | CBU-MAIN LIBRARY (Kitwe) |
| -- | 1 |
| -- | 0.00 |
| -- | UN-ECA(02)2004/ 3B |
| -- | 2 |
| -- | AVAILABLE |
| -- | Jul 2, 2010 |
| -- | 03006742 |
| -- | International Publications |
| 999 ## - | |
| -- | 82558 |
| -- | 82558 |
| Withdrawn status | Lost status | Source of classification or shelving scheme | Damaged status | Not for loan | Permanent Location | Current Location | Shelving location | Date acquired | Total Checkouts | Full call number | Barcode | Date last seen | Copy number | Price effective from | Koha item type |
|---|---|---|---|---|---|---|---|---|---|---|---|---|---|---|---|
| CBU-MAIN LIBRARY, KITWE. | CBU-MAIN LIBRARY, KITWE. | 09/29/2023 | UN-ECA(02)2004/3A | 03005956 | 09/29/2023 | 1 | 09/29/2023 | SPECIAL COLLECTION | |||||||
| CBU-MAIN LIBRARY, KITWE. | CBU-MAIN LIBRARY, KITWE. | 09/29/2023 | UN-ECA(02)2004.3B | 03006742 | 09/29/2023 | 2 | 09/29/2023 | SPECIAL COLLECTION |